000 00305 a2200133 4500
000 nam a22 7a 4500
100 _aRajiv,Bhatia
110 _aRajiv,Bhatia
245 _aindia africa relations
250 _alatest edition
260 _bRoutledge
_c2026
264 _bRoutledge
_c2026
942 _cBK
999 _c395186
_d395186